Fallout 4 Lore Trivia - Statistics

General Stats
  • This quiz has been taken 2,690 times
  • The average score is 13 of 25
Answer Stats
Question Answer % Correct
4. What's the name of the device around your wrist? Pip-Boy 3000 Mark IV
90%
1.Which cult from the Capital Wasteland has a strong presence in the Commonwealth? Church of the Children of Atom
80%
12. Which faction travels to the Commonwealth in a giant airship? Brotherhood of Steel
72%
14. What's the name of your canine friend from Fallout 1,2,3 and 4? Dogmeat
72%
11. Which faction is a covert organisation which helps rogue synths escape? Railroad
70%
13. Which faction is a secretive group of scientists with advanced technology? Institute
69%
10. Which faction formed a coalition of small settlements years before the events of Fallout 4? Minutemen
61%
2. Which version of pre-war power armour/armor is completely new to the series? T-60
59%
18. In what year did you first enter Vault 111? 2077
58%
3. Which set of power armour/armor was famously used by the Enclave, a faction that doesn't make an appearance in Fallout 4? X-01
58%
5. What's the name of the company that created it? RobCo Industries
57%
15. What's the new flavour of Nuka-Cola added in Fallout 4? Cherry
56%
20. What's the name of the merciless mercenary group? Gunners
56%
6. What was the most popular household detergent before the Great War? Abraxo Cleaner
54%
25. What is the default name for the female protagonist? Nora
46%
24. What's the default name for the male protagonist? Nate
44%
21. What unique weapon can be found when following a trail of green blood? Alien Blaster
43%
8. Which possible companion made an appearance as a child in Fallout 3? Robert Joseph MacCready
43%
19. In what year did you first leave Vault 111? 2287
42%
9. What's the name of the submarine marooned off of the coast? Yangtze
35%
22. What's the name of the weapon that uses fusion cores as ammunition? Gatling Laser
32%
17. Who discovered a mysterious artifact in the deserts of Arabia? Lorenzo Cabot
26%
7. Who was a mercenary who came from the NCR? Conrad Kellogg
25%
16. What's the name of the location that references Lovecraftian horror? Dunwich Borers
23%
23. What's the place you where supposed to be going to just before the bombs fell? Fraternal Post 115
4%
No matching quizzes found
Score Distribution
Percent of People with Each Score
Percentile by Number Answered
Your Score History
You have not taken this quiz